000 00433nam a22001817a 4500
003 NUST - PNEC
005 20170116180920.0
008 150904b xxu||||| |||| 00| 0 eng d
020 _a-
040 _cLIBRARY
082 _a620.1053 HIB
100 _97764
_aHibbeler, R. C.
245 _aEngineering mechanics: Statics
_cR. C. Hibbeler
250 _a2nd ed.
260 _c-
650 _97767
_aMechanics
_xME
942 _2ddc
_cBK
999 _c65612
_d65612